| 000 | 00434nam a2200157Ia 4500 | ||
|---|---|---|---|
| 008 | 151213s9999 xx 000 0 und d | ||
| 100 | _aHarper W. Boyd | ||
| 245 |
_aMarketing Management:A Strategic Approach with a Global Orientation _cHarper W. Boyd |
||
| 250 | _a2nd | ||
| 260 |
_aBoston _bIrwin _c1995 |
||
| 300 | _a2652 p. | ||
| 650 | _aMarketing | ||
| 650 | _aMarketing Management | ||
| 700 | _aHarper W. Boyd | ||
| 999 |
_c1764 _d1764 |
||